| 000 | 00363nam a2200145Ia 4500 | ||
|---|---|---|---|
| 008 | 230711s9999||||xx |||||||||||||| ||und|| | ||
| 041 | _aENG | ||
| 082 |
_a624.1821 _bDA-S |
||
| 100 | _aDayaratnam, P | ||
| 245 | 0 | _aDesign of steel structure | |
| 250 | _a2nd . Ed. | ||
| 260 |
_c2003 _aNew Delhi _bS.Chand & Company Ltd |
||
| 650 | _aCivil Engineering | ||
| 942 | _cBK | ||
| 999 |
_c2601 _d2601 |
||